000 00595nam a22002057a 4500
003 OSt
005 20220107122901.0
008 211130b xxu||||| |||| 00| 0 eng d
020 _a9781484267653
040 _cKUDSIT
082 _a004.62 GUP/I
100 _aGupta, Aditya
_918763
245 _aThe IoT hacker's handbook:
_b A practical guide to hacking the Internet of Things
260 _aIndia,
_bApress/ Replika Press Pvt. Ltd.,
_c2019.
300 _axviii, 320 p.
650 _aCOMPUTER SCIENCE
_918764
650 _aINTERNET OF THINGS
_918765
650 _aIoT
_918766
942 _2ddc
_cBK
999 _c6872
_d6872